| 000 | 00380nam a22001097a 4500 | ||
|---|---|---|---|
| 999 |
_c6952 _d6952 |
||
| 008 | 200408b ||||| |||| 00| 0 eng d | ||
| 245 |
_aTanzania: _bCountry Report on the Millennium Development Goals 2010 Dar Es Salaam/ _cURT.- _hEnglish. |
||
| 260 |
_aDar Es Salaam: _bGovernment Printer, _c2011. |
||
| 300 |
_aix, 66p; _bill; _c30cm.- |
||
| 650 | _2DEVELOPMENT GOALS | ||
| 942 |
_2ddc _cBOOKS |
||